Applied Mechanics Statics (Record no. 64981)

000 -LEADER
fixed length control field 00457nam a22001817a 4500
003 - CONTROL NUMBER IDENTIFIER
control field NUST - PNEC
005 - DATE AND TIME OF LATEST TRANSACTION
control field 20170116180902.0
008 - FIXED-LENGTH DATA ELEMENTS--GENERAL INFORMATION
fixed length control field 150901b xxu||||| |||| 00| 0 eng d
020 ## - INTERNATIONAL STANDARD BOOK NUMBER
International Standard Book Number 0471029653
040 ## - CATALOGING SOURCE
Transcribing agency LIBRARY
082 ## - DEWEY DECIMAL CLASSIFICATION NUMBER
Edition number 620.103 SMI
100 ## - MAIN ENTRY--PERSONAL NAME
9 (RLIN) 6402
Personal name Smith, Charles Edward
245 ## - TITLE STATEMENT
Title Applied Mechanics Statics
Statement of responsibility, etc. Charles Edward Smith
250 ## - EDITION STATEMENT
Edition statement 2nd ed
260 ## - PUBLICATION, DISTRIBUTION, ETC.
Date of publication, distribution, etc. c1976.
650 ## - SUBJECT ADDED ENTRY--TOPICAL TERM
9 (RLIN) 6405
Topical term or geographic name entry element Mechanics, Applied
942 ## - ADDED ENTRY ELEMENTS (KOHA)
Source of classification or shelving scheme
Koha item type Book
Holdings
Withdrawn status Lost status Source of classification or shelving scheme Damaged status Not for loan Permanent Location Current Location Shelving location Date acquired Total Checkouts Full call number Barcode Date last seen Price effective from Koha item type
          Pakistan Navy Engineering College (PNEC) Pakistan Navy Engineering College (PNEC)       620.103 SMI PNECLIB-011836 09/01/2015   Book
© 2023 Central Library, National University of Sciences and Technology. All Rights Reserved.